<?xml version="1.0" encoding="UTF-8"?>
<record
    xmlns:xsi="http://www.w3.org/2001/XMLSchema-instance"
    xsi:schemaLocation="http://www.loc.gov/MARC21/slim http://www.loc.gov/standards/marcxml/schema/MARC21slim.xsd"
    xmlns="http://www.loc.gov/MARC21/slim">

  <leader>03713nam a2200553Ia 4500</leader>
  <controlfield tag="001">2752</controlfield>
  <controlfield tag="008">241029s9999    xx            000 0 und d</controlfield>
  <datafield tag="010" ind1=" " ind2=" ">
    <subfield code="a">2584</subfield>
  </datafield>
  <datafield tag="041" ind1=" " ind2=" ">
    <subfield code="a">Espa&#xF1;ol</subfield>
  </datafield>
  <datafield tag="082" ind1=" " ind2=" ">
    <subfield code="a">M.G.C. 020</subfield>
  </datafield>
  <datafield tag="245" ind1=" " ind2="0">
    <subfield code="a">La gesti&#xF3;n educativa en el logro de los aprendizajes de alumnos de los Centros Nocturnos del Nivel Medio, Zona Urbana, Distrito Educativo 03, Regional 08 de Santiago, en el Per&#xED;odo 2005-2009</subfield>
  </datafield>
  <datafield tag="260" ind1=" " ind2=" ">
    <subfield code="a">Santiago Rodr&#xED;guez</subfield>
  </datafield>
  <datafield tag="300" ind1=" " ind2=" ">
    <subfield code="a">127</subfield>
  </datafield>
  <datafield tag="520" ind1=" " ind2=" ">
    <subfield code="a">27</subfield>
  </datafield>
  <datafield tag="630" ind1=" " ind2=" ">
    <subfield code="a">Aprendizaje</subfield>
  </datafield>
  <datafield tag="630" ind1=" " ind2=" ">
    <subfield code="a">Calidad</subfield>
  </datafield>
  <datafield tag="630" ind1=" " ind2=" ">
    <subfield code="a">Gesti&#xF3;n</subfield>
  </datafield>
  <datafield tag="650" ind1=" " ind2=" ">
    <subfield code="a">Gesti&#xF3;n Educativa</subfield>
  </datafield>
  <datafield tag="690" ind1=" " ind2=" ">
    <subfield code="a">Sintetizado</subfield>
  </datafield>
  <datafield tag="700" ind1=" " ind2=" ">
    <subfield code="e">asesor</subfield>
    <subfield code="a"> Paulino, Laura</subfield>
  </datafield>
  <datafield tag="700" ind1=" " ind2=" ">
    <subfield code="e">autor</subfield>
    <subfield code="a"> Castro, Eustina Altagracia</subfield>
  </datafield>
  <datafield tag="700" ind1=" " ind2=" ">
    <subfield code="e">autor</subfield>
    <subfield code="a"> Mart&#xED;nez Pe&#xF1;al&#xF3;, Elba Antonia</subfield>
  </datafield>
  <datafield tag="901" ind1=" " ind2=" ">
    <subfield code="a">{"1":" Castro","2":" Mart&#xED;nez Pe&#xF1;al&#xF3;"}</subfield>
    <subfield code="b">{"1":"Eustina Altagracia","2":"Elba Antonia"}</subfield>
  </datafield>
  <datafield tag="902" ind1=" " ind2=" ">
    <subfield code="a">1</subfield>
  </datafield>
  <datafield tag="903" ind1=" " ind2=" ">
    <subfield code="a">{"1":" Paulino"}</subfield>
    <subfield code="b">{"1":"Laura"}</subfield>
  </datafield>
  <datafield tag="904" ind1=" " ind2=" ">
    <subfield code="a">Maestr&#xED;a en</subfield>
  </datafield>
  <datafield tag="905" ind1=" " ind2=" ">
    <subfield code="a">Gesti&#xF3;n de Centros Educativos</subfield>
  </datafield>
  <datafield tag="906" ind1=" " ind2=" ">
    <subfield code="a">2</subfield>
  </datafield>
  <datafield tag="907" ind1=" " ind2=" ">
    <subfield code="a">NO APLICA</subfield>
  </datafield>
  <datafield tag="908" ind1=" " ind2=" ">
    <subfield code="a">NO APLICA</subfield>
  </datafield>
  <datafield tag="909" ind1=" " ind2=" ">
    <subfield code="a">ISFODOSU, Recinto Lu&#xED;s Napole&#xF3;n N&#xFA;&#xF1;ez Molina</subfield>
  </datafield>
  <datafield tag="910" ind1=" " ind2=" ">
    <subfield code="a">NULL</subfield>
    <subfield code="b">NULL</subfield>
  </datafield>
  <datafield tag="911" ind1=" " ind2=" ">
    <subfield code="a">["1"]</subfield>
  </datafield>
  <datafield tag="912" ind1=" " ind2=" ">
    <subfield code="a">NO APLICA</subfield>
  </datafield>
  <datafield tag="913" ind1=" " ind2=" ">
    <subfield code="a">NULL</subfield>
  </datafield>
  <datafield tag="914" ind1=" " ind2=" ">
    <subfield code="a">01 de Julio de 2009</subfield>
  </datafield>
  <datafield tag="915" ind1=" " ind2=" ">
    <subfield code="a">20/07/15 10:07</subfield>
  </datafield>
  <datafield tag="916" ind1=" " ind2=" ">
    <subfield code="a">NULL</subfield>
  </datafield>
  <datafield tag="917" ind1=" " ind2=" ">
    <subfield code="a">NULL</subfield>
  </datafield>
  <datafield tag="918" ind1=" " ind2=" ">
    <subfield code="a">NO APLICA</subfield>
  </datafield>
  <datafield tag="919" ind1=" " ind2=" ">
    <subfield code="a">["18","28","111"]</subfield>
  </datafield>
  <datafield tag="520" ind1=" " ind2=" ">
    <subfield code="a">Los principales prop&#xF3;sitos de la investigaci&#xF3;n consistieron en fortalecer los factores positivos en la Gesti&#xF3;n Educativa en los centros estudiados y convertir las negativas en fortalezas en pos de que los egresados del nivel tengan las competencias que exhiben sus iguales en tandas diurnas. Tambi&#xE9;n orientar las autoridades competentes para que tomen los correctivos de lugar para lograr que los estudiantes que no tienen facilidad de asistir a los centros de educaci&#xF3;n media diurnos puedan obtener las mismas oportunidades educativas que es ofertada en &#xE9;stos, as&#xED; como sugerir estrategias metodol&#xF3;gicas a los docentes para que los estudiantes nocturnos logren aprendizajes significativos y aumenten el porcentaje de promoci&#xF3;n en cada uno de los Liceos estudiados. La metodolog&#xED;a empleada fue probabil&#xED;stica simple con investigaci&#xF3;n de campo,&#xA0;La muestra estuvo compuesta por 3 directores, 3 subdirectores, 41 docentes, 314 estudiantes, 4 orientadores, 5 del personal de apoyo y 7 del personal de servicio. El instrumento utilizado fue el cuestionario. La investigaci&#xF3;n concluye que el nivel de eficiencia y calidad de la Gesti&#xF3;n Educativa es bajo, ya que los datos y evidencias encontrados en los centros investigados no cumplen, en gran medida, con los est&#xE1;ndares establecidos. No todos los docentes est&#xE1;n ubicados en su &#xE1;rea de especializaci&#xF3;n. El nivel de rendimiento de los estudiantes est&#xE1; por debajo de los niveles esperados para el logro de los aprendizajes.La investigaci&#xF3;n sugiere que la SEE contin&#xFA;e desarrollando de manera efectiva la campa&#xF1;a sobre el perfil de la Gesti&#xF3;n Educativa 2008-2012, ya que la misma contribuir&#xED;a a superar las debilidades en lo referente al compromiso de la gesti&#xF3;n de cada centro sujeto a estudio en base al modelo de Gesti&#xF3;n de la Calidad, resaltando el cumplimiento del horario oficial. Adem&#xE1;s sugiere que la Regional y el Distrito prioricen los temas a tratar en los seminarios y talleres, tales como: Los enfoques metodol&#xF3;gicos, dise&#xF1;o curricular, t&#xE9;cnicas de estudio para multiplicarlo en sus estudiantes, manejo y uso de recursos, uso de las TICS, educaci&#xF3;n inclusiva, entre otros.</subfield>
  </datafield>
  <datafield tag="921" ind1=" " ind2=" ">
    <subfield code="a">11</subfield>
  </datafield>
  <datafield tag="922" ind1=" " ind2=" ">
    <subfield code="a">11</subfield>
  </datafield>
  <datafield tag="923" ind1=" " ind2=" ">
    <subfield code="a">0</subfield>
  </datafield>
  <datafield tag="924" ind1=" " ind2=" ">
    <subfield code="a">NO APLICA</subfield>
  </datafield>
  <datafield tag="942" ind1=" " ind2=" ">
    <subfield code="c">Tesis</subfield>
  </datafield>
  <datafield tag="999" ind1=" " ind2=" ">
    <subfield code="c">2584</subfield>
    <subfield code="d">2584</subfield>
  </datafield>
</record>
